=LDR 00000nam 2200000 4500 =001 INLIS000000000038948 =005 20130612144615 =008 ***********************************ind** =035 ##$$0010-061300000038948 =041 ##$$a ind =082 ##$$a 813 =090 ##$$a 813, Pra e =100 ##$$a PRATCHETT,Terry =245 ##$$a Equal rites, Terry pratchett;Alih bahas, Anom s =260 ##$$a 2011 $b Jakarta =300 ##$$a 326 Hlm, 22 cm =650 ##$$a FIKSI =700 ##$$a anom s =850 ##$$a NBPNMAT =990 ##$$a 0001/BPAP-NTB/2015 =990 ##$$a 0001/BPAP-NTB/2015 =990 ##$$a 0001/BPAP-NTB/2016